| 000 | 00666nam a2200169 a 4500 | ||
|---|---|---|---|
| 001 | 000038764 | ||
| 005 | 20210629084344.0 | ||
| 008 | 130422s2006 dr ac 000 0 spa d | ||
| 040 |
_aDO-SdBNP _bspa _cBNPHU |
||
| 100 | 1 |
_aRozas Aristy, Eduardo _937777 |
|
| 245 | 1 | 3 |
_aEl legado clásico a la arquitectura / _cEduardo Rozas Aristy. |
| 260 |
_aSanto Domingo : _bUniversidad Autónoma de Santo Domingo, _c2006. |
||
| 300 |
_a155 p. : _bil., retrs. ; _c29 cm. |
||
| 490 | 1 |
_aPublicaciones de de la Universidad Autónoma de Santo Domingo _v1263 |
|
| 504 | _aBibliografía : p. 155 | ||
| 830 |
_aPublicaciones de la Universidad Autónoma de Santo Domingo ; _n1150 _v1263 _911848 |
||
| 999 |
_c38254 _d38254 |
||